| 000 | 00746cam a22001935a 4500 | ||
|---|---|---|---|
| 001 | L155510 | ||
| 008 | 120327s1813 xxk f 000 0 eng d | ||
| 035 | _a(Sirsi) u155510 | ||
| 041 | 0 | _aeng | |
| 100 | 1 |
_aRobertson, James _dd. 1812 |
|
| 245 | 0 | 0 | _aGeneral view of the agriculture of the county of Inverness : with observations on the means of its improvement drawn up for the consideration of the Board of Agriculture and Internal Improvement |
| 260 |
_aLondon _bPrinted for Sherwood, Neely, and Jones _c1813 |
||
| 300 |
_alxvi, 447 p., [1] leaf of plates _bmaps _c23 cm. |
||
| 583 |
_aCondition reviewed _c20120620 _lcondition level 2 |
||
| 651 | 4 |
_aScotland _y1999- |
|
| 690 |
_aRural _96268 |
||
| 710 | 1 | _aBoard of Agriculture | |
| 942 | _n0 | ||
| 999 |
_c113621 _d113621 |
||